|
|
|
|
| LEADER |
00000nam a2200000 i 4500 |
| 001 |
100864 |
| 003 |
CZ-ZlUTB |
| 005 |
20220221132257.0 |
| 007 |
ta |
| 008 |
201112s2020 xr ac e 000 d cze |
| 952 |
|
|
|0 0
|1 0
|4 0
|6 82088ROBOT
|7 0
|8 BOOK
|9 160742
|a UTBZL
|b UTBZL
|c 005
|d 2021-02-01
|l 0
|o 820/88/ROBOT
|p 420010186360
|r 2021-02-01 00:00:00
|v 380.00
|x N: nákup
|y 01
|
| 999 |
|
|
|c 100864
|d 100864
|
| 020 |
|
|
|a 978-80-7592-062-1
|q (brožováno) :
|c Kč 380,00
|
| 040 |
|
|
|a BOA001
|b cze
|d OLA001
|e rda
|
| 041 |
1 |
|
|a cze
|h und
|
| 045 |
|
|
|a x-y-
|
| 072 |
|
7 |
|a 821.162.3.09
|x Česká literatura (o ní)
|2 Konspekt
|9 11
|
| 080 |
|
|
|a 821.162.3-2
|2 MRF
|
| 080 |
|
|
|a 001-051
|2 MRF
|
| 080 |
|
|
|a 929-058.1
|2 MRF
|
| 080 |
|
|
|a 82.07
|2 MRF
|
| 080 |
|
|
|a 316.64
|2 MRF
|
| 080 |
|
|
|a 007.52:611/612
|2 MRF
|
| 080 |
|
|
|a 007.52
|2 MRF
|
| 080 |
|
|
|a 004.8
|2 MRF
|
| 080 |
|
|
|a (0:82-2)
|2 MRF
|
| 080 |
|
|
|a (0:82-4)
|2 MRF
|
| 080 |
|
|
|a (082)
|2 MRF
|
| 080 |
|
|
|a (082.2)
|2 MRF
|
| 245 |
0 |
0 |
|a Robot 100 :
|b sto rozumů /
|c editor Jitka Čejková
|
| 246 |
3 |
0 |
|a Sto rozumů
|
| 250 |
|
|
|a Vydání: první
|
| 264 |
|
1 |
|a Praha :
|b Vysoká škola chemicko-technologická v Praze,
|c 2020
|
| 300 |
|
|
|a 447 stran :
|b ilustrace, portréty ;
|c 21 cm
|
| 336 |
|
|
|a text
|b txt
|2 rdacontent
|
| 337 |
|
|
|a bez média
|b n
|2 rdamedia
|
| 338 |
|
|
|a svazek
|b nc
|2 rdacarrier
|
| 500 |
|
|
|a Přeloženo
|
| 504 |
|
|
|a Obsahuje bibliografii
|
| 600 |
1 |
7 |
|a Čapek, Karel,
|d 1890-1938.
|t RUR
|7 aun2007415079
|2 czenas
|
| 648 |
|
7 |
|a 20. století
|7 ch460558
|2 czenas
|
| 648 |
|
7 |
|a 20.-21. století
|7 ch462155
|2 czenas
|
| 650 |
0 |
7 |
|a české drama
|7 ph128137
|y 20. století
|2 czenas
|
| 650 |
0 |
7 |
|a vědci
|7 ph127356
|y 20.-21. století
|2 czenas
|
| 650 |
0 |
7 |
|a osobnosti
|7 ph115615
|y 20.-21. století
|2 czenas
|
| 650 |
0 |
7 |
|a vnímání literárního díla
|7 ph274709
|2 czenas
|
| 650 |
0 |
7 |
|a názory a postoje
|7 ph137634
|2 czenas
|
| 650 |
0 |
7 |
|a androidi
|7 ph351281
|2 czenas
|
| 650 |
0 |
7 |
|a robotika
|7 ph125173
|2 czenas
|
| 650 |
0 |
7 |
|a umělá inteligence
|7 ph116536
|2 czenas
|
| 650 |
0 |
9 |
|a Czech drama
|y 20th century
|2 eczenas
|
| 650 |
0 |
9 |
|a scientists
|y 20th-21st centuries
|2 eczenas
|
| 650 |
0 |
9 |
|a celebrities
|y 20th-21st centuries
|2 eczenas
|
| 650 |
0 |
9 |
|a perception of literature
|2 eczenas
|
| 650 |
0 |
9 |
|a views and attitudes
|2 eczenas
|
| 650 |
0 |
9 |
|a androids
|2 eczenas
|
| 650 |
0 |
9 |
|a robotics
|2 eczenas
|
| 650 |
0 |
9 |
|a artificial intelligence
|2 eczenas
|
| 655 |
|
7 |
|a česká dramata
|7 fd133957
|2 czenas
|
| 655 |
|
7 |
|a úvahy
|7 fd134000
|2 czenas
|
| 655 |
|
7 |
|a sborníky
|7 fd163935
|2 czenas
|
| 655 |
|
7 |
|a jubilejní publikace
|7 fd131839
|2 czenas
|
| 655 |
|
9 |
|a Czech drama
|2 eczenas
|
| 655 |
|
9 |
|a essays
|2 eczenas
|
| 655 |
|
9 |
|a collections of works
|2 eczenas
|
| 655 |
|
9 |
|a jubilee books
|2 eczenas
|
| 700 |
1 |
|
|a Čejková, Jitka,
|d 1982-
|7 ntk2018982938
|4 edt
|
| 910 |
|
|
|a ZLD002
|
| 942 |
|
|
|2 udc
|
| 992 |
|
|
|a BK
|b SK
|